000 00335nam a2200133Ia 4500
008 240624s9999 xx 000 0 und d
041 _aeng
082 _a658.401 SAN
100 _aSANDER PETER
245 _aWHAT WOULD STEVE JOBS DO
260 _c2012
_aNew Delhi
_bTata McGraw-Hill
300 _a215 : p. : cm. ; 22
365 _cRS
_b33
999 _c25840
_d25840